00000000nam##2200000za#4500
0019.618520
003CaOODSP
00520210615102856
007ta
008150406|2007||||xxc|||||     f|0| 0 eng|d
020 |a978-0-662-47052-6
040 |aCaOODSP|beng
043 |an-cn---
0861 |aH113-26/2007-6E
1101 |aCanada. |bPest Management Regulatory Agency.
24510|aBacillus subtilis strain QST 713 : |bSerenade MAX, Serenade ASO, Rhapsody ASO, Serenade Garden Concentrate, Serenade Garden Ready to Use
260 |bHealth Canada. |c22 October 2007.
300 |a74p. : |breferences, tables ; |c28 cm.
4901 |aEvaluation report|vERC2007-06
5203 |aThis Evaluation Report summarizes the information that was evaluated, provides the results of the evaluation, describes the conditions that are required to ensure that the health and environmental risks and the value of these pest control products are acceptable for their intended use, and provides the reasons for the conditional registration decision (with an outline of the additional confirmatory scientific information being requested).
563 |aProcessed
590 |a07-48|b2007-11-30
69007|aBacteria|2gcpds
69007|aFungicides|2gcpds
77508|tSouche QST 713 de Bacillus subtilis : |w(CaOODSP)9.627633
7760#|tBacillus subtilis strain QST 713 : |w(CaOODSP)9.563320
830#0|aEvaluation report ;|vERC2007-06|w(CaOODSP)9.515516